Art directors club-toronto 3rd annual of advertising and editorial art 1951 / (Record no. 136333)

MARC details
000 -LEADER
fixed length control field 00637nam a22002057a 4500
005 - DATE AND TIME OF LATEST TRANSACTION
control field 20170124110257.0
010 ## - LIBRARY OF CONGRESS CONTROL NUMBER
LC control number 031351
020 ## - INTERNATIONAL STANDARD BOOK NUMBER
Terms of availability 00.00
035 ## - SYSTEM CONTROL NUMBER
System control number 031351
037 ## - SOURCE OF ACQUISITION
Source of stock number/acquisition Cen Lib/Ret
040 ## - CATALOGING SOURCE
Original cataloging agency DPL
Language of cataloging EN
082 ## - DEWEY DECIMAL CLASSIFICATION NUMBER
Classification number 659.14
Item number ART
245 ## - TITLE STATEMENT
Title Art directors club-toronto 3rd annual of advertising and editorial art 1951 /
260 ## - PUBLICATION, DISTRIBUTION, ETC. (IMPRINT)
Place of publication, distribution, etc Canada
Name of publisher, distributor, etc Burns and MacEachern, Toronto, Canada
Date of publication, distribution, etc 1951
270 ## - ADDRESS
City Canada
300 ## - PHYSICAL DESCRIPTION
Extent various paginig.
Dimensions 21cm(Hb)
650 ## - SUBJECT ADDED ENTRY--TOPICAL TERM
Topical term or geographic name as entry element Advertising--Brand name products
9 (RLIN) 142227
650 ## - SUBJECT ADDED ENTRY--TOPICAL TERM
Topical term or geographic name as entry element Advertising--Psychological aspects
9 (RLIN) 142228
942 ## - ADDED ENTRY ELEMENTS (KOHA)
Source of classification or shelving scheme Dewey Decimal Classification
Koha item type English Books
Classification part 659.14
Call number suffix ART
Holdings
Withdrawn status Lost status Damaged status Not for loan Collection code Home library Current library Date acquired Source of acquisition Cost, normal purchase price Total Checkouts Full call number Barcode Date last seen Copy number Cost, replacement price Price effective from Koha item type
      Not For Loan Reference Central Library Central Library 26/03/2016 Cen Lib/Ret 0.00   659.14 ART 031351 26/03/2016 1 0.00 26/03/2016 English Books

© Delhi Public Library
Hit Counter
free hit counter